[Event "Tradewise Gibraltar Chess Festival 2013"]
[Site "Gibraltar ENG"]
[Date "2013.01.30"]
[Round "9.105"]
[White "Guerrero Romero, Antonio"]
[Black "Campos Calvo-Sotelo, Juan"]
[Result "1/2-1/2"]
[WhiteElo "1862"]
[BlackElo "1978"]
[PlyCount "112"]
[EventDate "2013.01.22"]
[EventType "swiss"]
[EventRounds "10"]
[EventCountry "ENG"]
[Source "lmi"]
[SourceDate "2013.01.22"]

1. d4 b5 2. Bf4 e6 3. e3 a6 4. Nf3 Bb7 5. Be2 Nf6 6. O-O Nh5 7. Be5 d6 8. Bg3
Nxg3 9. hxg3 Be7 10. a4 b4 11. Nbd2 O-O 12. c3 c5 13. cxb4 cxb4 14. Rc1 Nd7 15.
Nc4 a5 16. Bd3 Nb6 17. Nfd2 Nxc4 18. Nxc4 f5 19. Qe2 g5 20. Rc2 Rc8 21. Rfc1
Bf6 22. Nd2 Rxc2 23. Rxc2 Qa8 24. Qh5 Rc8 25. Rxc8+ Qxc8 26. Qh6 Qd8 27. g4 Qe7
28. gxf5 e5 29. dxe5 dxe5 30. Bc4+ Kh8 31. b3 Qd8 32. Nf1 e4 33. Ng3 Be5 34.
Qh5 Bc6 35. Qf7 g4 36. f6 Bxf6 37. Nh5 Be5 38. g3 Qe8 39. Qf5 Bd7 40. Qg5 Bc3
41. Nf6 Qd8 42. Nxe4 Qxg5 43. Nxg5 Kg7 44. Kf1 Bc6 45. Ne6+ Kf6 46. Nd4 Bd7 47.
Ke2 Ke5 48. f4+ gxf3+ 49. Nxf3+ Kf6 50. Kf2 h6 51. Nh2 Ke5 52. Ke2 Ke4 53. Bd3+
Kd5 54. e4+ Kd6 55. Nf3 Bg4 56. Ke3 Bxf3 1/2-1/2

[Event "Tradewise Gibraltar Chess Festival 2013"]
[Site "Gibraltar ENG"]
[Date "2013.01.30"]
[Round "9.106"]
[White "Ramdewar, Ishan"]
[Black "Cebada Benitez, Fernando"]
[Result "1-0"]
[WhiteElo "1658"]
[BlackElo "1958"]
[PlyCount "75"]
[EventDate "2013.01.22"]
[EventType "swiss"]
[EventRounds "10"]
[EventCountry "ENG"]
[Source "lmi"]
[SourceDate "2013.01.22"]

1. e4 d6 2. d4 g6 3. Nc3 Nf6 4. f4 c6 5. e5 dxe5 6. fxe5 Nd5 7. Nf3 Bg7 8. Bc4
O-O 9. O-O Na6 10. Bb3 Nac7 11. Ne4 Bg4 12. c4 Nb6 13. Be3 h6 14. Qe1 Bxf3 15.
Rxf3 f5 16. Nc5 Rb8 17. Rd1 Kh7 18. Qh4 e6 19. Qf2 Nc8 20. Nd3 g5 21. Bc2 Ne7
22. h4 Ng6 23. hxg5 hxg5 24. Rh3+ Kg8 25. Rh5 f4 26. Bd2 Kf7 27. g3 Ke7 28. Nc5
Nh8 29. Ne4 Kd7 30. Bb4 fxg3 31. Qxg3 Rg8 32. Rh7 Ne8 33. Nc5+ Kc8 34. Nxe6 Qb6
35. Bc5 Qxb2 36. Bf5 b6 37. Nxg7+ Kb7 38. Nxe8+ 1-0

[Event "Tradewise Gibraltar Chess Festival 2013"]
[Site "Gibraltar ENG"]
[Date "2013.01.30"]
[Round "9.108"]
[White "Chidi, Lovinia Sylvia"]
[Black "Pribyl, Jaroslav"]
[Result "0-1"]
[WhiteElo "1820"]
[BlackElo "1932"]
[PlyCount "86"]
[EventDate "2013.01.22"]
[EventType "swiss"]
[EventRounds "10"]
[EventCountry "ENG"]
[Source "lmi"]
[SourceDate "2013.01.22"]

1. e4 c6 2. d4 d5 3. exd5 cxd5 4. Bd3 Nf6 5. Nf3 Bg4 6. h3 Bh5 7. c3 Nc6 8.
Nbd2 e6 9. Qc2 Bd6 10. O-O Rc8 11. Qb1 a6 12. a4 Bg6 13. Re1 Qc7 14. b3 O-O 15.
Bb2 b5 16. Bxg6 hxg6 17. axb5 axb5 18. Qd3 Rb8 19. b4 Nd7 20. Nb3 Nb6 21. Nc5
Nc4 22. Qc2 Ra8 23. Nd2 Nxb2 24. Qxb2 e5 25. Nf1 e4 26. Ne3 Ne7 27. Qe2 Qc6 28.
Qb2 Rfb8 29. f3 f5 30. fxe4 fxe4 31. Qe2 Nf5 32. Rxa8 Qxa8 33. Nxf5 gxf5 34.
Qh5 Rf8 35. Ne6 Qe8 36. Qxe8 Rxe8 37. Nc5 Ra8 38. Kf1 Bg3 39. Rc1 Ra2 40. Kg1
Bf2+ 41. Kh2 Be3 42. Rf1 f4 43. Kh1 Rc2 0-1

[Event "Tradewise Gibraltar Chess Festival 2013"]
[Site "Gibraltar ENG"]
[Date "2013.01.30"]
[Round "9.109"]
[White "Viana, Eduardo Escudeiro"]
[Black "Lochte, Szilvia"]
[Result "1/2-1/2"]
[WhiteElo "1600"]
[BlackElo "1923"]
[PlyCount "117"]
[EventDate "2013.01.22"]
[EventType "swiss"]
[EventRounds "10"]
[EventCountry "ENG"]
[Source "lmi"]
[SourceDate "2013.01.22"]

1. d4 Nf6 2. Nf3 e6 3. c4 b6 4. g3 Bb7 5. Bg2 Be7 6. Nc3 O-O 7. O-O d5 8. Ne5
Nbd7 9. Nxd7 Qxd7 10. b3 c5 11. dxc5 bxc5 12. cxd5 exd5 13. e3 Qf5 14. Qf3 Qc2
15. Na4 Ba6 16. Re1 c4 17. Qd1 Qf5 18. Nc3 Bb4 19. Bd2 Qd3 20. Bf1 Qf5 21. Ne2
Bxd2 22. Qxd2 Ne4 23. Nd4 Nxd2 24. Nxf5 Nf3+ 25. Kg2 Nxe1+ 26. Rxe1 Bb7 27. Kg1
cxb3 28. axb3 Rfd8 29. Bg2 g6 30. Nd4 Rac8 31. Ra1 a6 32. h4 Kf8 33. Bf1 Ke7
34. Be2 Rc7 35. Kg2 Rdc8 36. Bg4 f5 37. Bf3 Rc1 38. Ra5 R8c5 39. Ra2 Kd6 40. h5
Ke5 41. hxg6 hxg6 42. Ra4 a5 43. b4 R1c4 44. Rxa5 Rxa5 45. bxa5 Ra4 46. Be2
Rxa5 47. Bd3 Ra3 48. Bb5 g5 49. Bd7 f4 50. gxf4+ gxf4 51. Kf3 fxe3 52. fxe3 Rd3
53. Bb5 Rd1 54. Ke2 Rb1 55. Bd3 Rb2+ 56. Bc2 Rb4 57. Nf3+ Kd6 58. Nd4 Ke5 59.
Nf3+ 1/2-1/2

[Event "Tradewise Gibraltar Chess Festival 2013"]
[Site "Gibraltar ENG"]
[Date "2013.01.30"]
[Round "9.111"]
[White "Whatley, Stephen A J"]
[Black "Henrichsen, Jens"]
[Result "1-0"]
[WhiteElo "1717"]
[BlackElo "1957"]
[PlyCount "67"]
[EventDate "2013.01.22"]
[EventType "swiss"]
[EventRounds "10"]
[EventCountry "ENG"]
[Source "lmi"]
[SourceDate "2013.01.22"]

1. d4 Nf6 2. Nf3 e6 3. Bg5 Be7 4. Nbd2 b6 5. e4 Bb7 6. Bd3 d5 7. Qe2 a6 8. c3
Nbd7 9. e5 Ng8 10. Bf4 g5 11. Bg3 c5 12. h3 c4 13. Bc2 h5 14. Nf1 b5 15. Ne3
Nb6 16. Nd2 b4 17. O-O bxc3 18. bxc3 Bc6 19. a4 a5 20. Rfb1 Kd7 21. f4 Kc7 22.
Nd1 gxf4 23. Bxf4 Bg5 24. Qe3 Bxf4 25. Qxf4 Qd7 26. Nb2 Rf8 27. Rf1 Ne7 28. Nf3
Ng6 29. Qf6 Qe7 30. Ng5 Qxf6 31. Rxf6 Rhg8 32. Bxg6 Rxg6 33. Rxg6 Bd7 34. Rf6
1-0

[Event "Tradewise Gibraltar Chess Festival 2013"]
[Site "Gibraltar ENG"]
[Date "2013.01.30"]
[Round "9.112"]
[White "Savage, Neil"]
[Black "George, Lolomari Erekosima"]
[Result "0-1"]
[WhiteElo "1620"]
[BlackElo "1869"]
[PlyCount "84"]
[EventDate "2013.01.22"]
[EventType "swiss"]
[EventRounds "10"]
[EventCountry "ENG"]
[Source "lmi"]
[SourceDate "2013.01.22"]

1. e4 c6 2. Nc3 d5 3. Nf3 g6 4. h3 Bg7 5. d4 dxe4 6. Nxe4 h5 7. Bf4 Nh6 8. Qd2
Nf5 9. O-O-O Qd5 10. Nc3 Qa5 11. Bc4 h4 12. Rhe1 O-O 13. Kb1 b5 14. Nxb5 Qa6
15. Nd6 Qb6 16. Nxf5 Bxf5 17. Rxe7 Bf6 18. Ree1 Na6 19. Bg5 Rab8 20. Bb3 Bxg5
21. Nxg5 Nb4 22. Ne4 a5 23. Qh6 Nd5 24. a4 Rfe8 25. Qxh4 Kg7 26. f3 Rh8 27. Qf2
g5 28. Ka1 Nb4 29. Ba2 Nxa2 30. c3 Bxe4 31. Rxe4 Qb3 32. Qd2 f6 33. Re7+ Kf8
34. Rc7 Qxa4 35. b3 Rxb3 36. Rc8+ Kg7 37. Rc7+ Kh6 38. Qxa2 Ra3 39. Rd2 Rxa2+
40. Rxa2 Qd1+ 41. Kb2 Rb8+ 42. Ka3 Qb3# 0-1

[Event "Tradewise Gibraltar Chess Festival 2013"]
[Site "Gibraltar ENG"]
[Date "2013.01.30"]
[Round "9.113"]
[White "Iglesias Fernandez, Luis"]
[Black "Neumanova, Monika"]
[Result "0-1"]
[WhiteElo "1862"]
[BlackElo "1701"]
[PlyCount "50"]
[EventDate "2013.01.22"]
[EventType "swiss"]
[EventRounds "10"]
[EventCountry "ENG"]
[Source "lmi"]
[SourceDate "2013.01.22"]

1. e4 c5 2. Nf3 Nc6 3. c3 d5 4. e5 e6 5. d4 cxd4 6. cxd4 Qb6 7. Nc3 a6 8. Na4
Qa7 9. Be2 b5 10. Nc3 Bb4 11. Bd2 Nxd4 12. Nxd5 Bxd2+ 13. Qxd2 Nxf3+ 14. Bxf3
exd5 15. Bxd5 Rb8 16. Rd1 Ne7 17. Bb7 O-O 18. Qd8 Bxb7 19. Qxe7 Rfe8 20. Qc7
Rbc8 21. Qd6 Qc5 22. O-O Qxe5 23. Qb4 Qg5 24. f3 Re2 25. g3 Qe3+ 0-1

[Event "Tradewise Gibraltar Chess Festival 2013"]
[Site "Gibraltar ENG"]
[Date "2013.01.30"]
[Round "9.115"]
[White "Berggren, Klas"]
[Black "Candano Gonzalez, Alvaro"]
[Result "1/2-1/2"]
[WhiteElo "1523"]
[BlackElo "1717"]
[PlyCount "82"]
[EventDate "2013.01.22"]
[EventType "swiss"]
[EventRounds "10"]
[EventCountry "ENG"]
[Source "lmi"]
[SourceDate "2013.01.22"]

1. e4 c5 2. Nf3 g6 3. d4 cxd4 4. Nxd4 Nc6 5. Be3 Nf6 6. f3 Bg7 7. c4 O-O 8. Qd2
e6 9. Nc3 d5 10. cxd5 exd5 11. exd5 Nxd5 12. Nxd5 Bxd4 13. Bxd4 Nxd4 14. Qxd4
Qa5+ 15. b4 Qd8 16. Nf6+ Kh8 17. Qxd8 Rxd8 18. Rd1 Rxd1+ 19. Kxd1 Be6 20. a3
Rd8+ 21. Ke1 Bb3 22. Be2 b6 23. g4 Rc8 24. Kf2 h6 25. Kg3 Kg7 26. Ne4 Rc2 27.
Rb1 Bd5 28. Bd3 Ra2 29. Nc3 Rxa3 30. Nxd5 Rxd3 31. Nc7 Rd7 32. Nb5 a6 33. Nc3
g5 34. Ra1 Rd4 35. Rxa6 Rxb4 36. Nd5 Rd4 37. Nxb6 Rd6 38. h4 Rf6 39. hxg5 hxg5
40. Kf2 Re6 41. Kg3 Rf6 1/2-1/2

[Event "Tradewise Gibraltar Chess Festival 2013"]
[Site "Gibraltar ENG"]
[Date "2013.01.30"]
[Round "9.116"]
[White "Kazmierczak, Ewa"]
[Black "Sevillano Leal, Julio"]
[Result "1/2-1/2"]
[WhiteElo "1512"]
[BlackElo "1807"]
[PlyCount "64"]
[EventDate "2013.01.22"]
[EventType "swiss"]
[EventRounds "10"]
[EventCountry "ENG"]
[Source "lmi"]
[SourceDate "2013.01.22"]

1. e4 c5 2. Nf3 e6 3. d4 cxd4 4. Nxd4 a6 5. Nc3 Qc7 6. Bd3 Nf6 7. Qe2 d6 8. O-O
Be7 9. Bd2 O-O 10. Kh1 Nbd7 11. f4 b5 12. Rae1 Nc5 13. e5 Nxd3 14. Qxd3 Nd7 15.
Qg3 Bb7 16. f5 dxe5 17. fxe6 Nf6 18. Nf5 g6 19. exf7+ Kxf7 20. Nxe7 Qxe7 21.
Bg5 Kg7 22. Qxe5 Qxe5 23. Rxe5 Nd5 24. Kg1 Rxf1+ 25. Kxf1 Rf8+ 26. Kg1 Nxc3 27.
bxc3 Rf7 28. c4 bxc4 29. Rc5 Be4 30. Rxc4 Bd5 31. Ra4 Bc6 32. Rf4 Rd7 1/2-1/2

[Event "Tradewise Gibraltar Chess Festival 2013"]
[Site "Gibraltar ENG"]
[Date "2013.01.30"]
[Round "9.117"]
[White "Reuben, Stewart"]
[Black "Collins, Andrew"]
[Result "1-0"]
[WhiteElo "2054"]
[BlackElo "1638"]
[PlyCount "143"]
[EventDate "2013.01.22"]
[EventType "swiss"]
[EventRounds "10"]
[EventCountry "ENG"]
[Source "lmi"]
[SourceDate "2013.01.22"]

1. d4 Nf6 2. c4 e6 3. Nc3 Bb4 4. Bg5 d5 5. e3 O-O 6. a3 Bxc3+ 7. bxc3 b6 8.
cxd5 exd5 9. Bd3 Bb7 10. Nf3 h6 11. Bh4 Nbd7 12. Ne5 g5 13. Bg3 c5 14. h4 Kg7
15. Qf3 Ne4 16. Nxd7 Qxd7 17. hxg5 hxg5 18. Bxe4 dxe4 19. Qh5 Kf6 20. Qh6+ Ke7
21. Qxg5+ f6 22. Qg6 Qe8 23. Rh7+ Rf7 24. dxc5 Rxh7 25. Qxh7+ Qf7 26. Bd6+ Ke6
27. Qxf7+ Kxf7 28. cxb6 Rh8 29. O-O-O axb6 30. Bg3 Re8 31. Kb2 Bc6 32. Rd6 Re6
33. c4 Rxd6 34. Bxd6 Ke6 35. Bc7 b5 36. Kc3 bxc4 37. Kxc4 Kd7 38. Bf4 Kc8 39.
Kc5 Bd7 40. Kd5 f5 41. g4 fxg4 42. Kxe4 Ba4 43. Kd5 Kd7 44. Kc5 Bc2 45. Kb5
Bd3+ 46. Kc5 Bc2 47. Be5 Ke6 48. Bg3 Kd7 49. Kb5 Bd3+ 50. Kb4 Kc6 51. a4 Kb6
52. a5+ Kc6 53. Kc3 Bf1 54. Kd4 Kb5 55. Bc7 Kc6 56. Bd8 Kd6 57. Ke4 Ke6 58. Kf4
Be2 59. e4 Bd3 60. Bc7 Be2 61. Bb8 Bd3 62. e5 Be2 63. Kg5 Ke7 64. Kf5 Kf7 65.
Bd6 Ke8 66. e6 Bc4 67. a6 Bxa6 68. Kxg4 Be2+ 69. Kg5 Bf3 70. Kf6 Kd8 71. Kf7
Bh5+ 72. Kf8 1-0

[Event "Tradewise Gibraltar Chess Festival 2013"]
[Site "Gibraltar ENG"]
[Date "2013.01.30"]
[Round "9.119"]
[White "Kuenitz, Klaus"]
[Black "Colompar, Ladislau-Alexandru"]
[Result "0-1"]
[WhiteElo "1643"]
[BlackElo "1790"]
[PlyCount "52"]
[EventDate "2013.01.22"]
[EventType "swiss"]
[EventRounds "10"]
[EventCountry "ENG"]
[Source "lmi"]
[SourceDate "2013.01.22"]

1. d4 f5 2. c4 Nf6 3. Bg5 e6 4. Nc3 d6 5. e4 fxe4 6. Nxe4 Be7 7. Bd3 O-O 8. Nf3
Nc6 9. O-O h6 10. Bh4 Nb4 11. Bb1 d5 12. Nxf6+ Bxf6 13. Bxf6 Qxf6 14. cxd5 exd5
15. a3 Nc6 16. Ba2 Ne7 17. Rc1 c6 18. Ne5 Qg5 19. g3 Bh3 20. Nf3 Qf6 21. Rc3
Bg4 22. Re1 Bxf3 23. Rxf3 Qxf3 24. Qxf3 Rxf3 25. Rxe7 Raf8 26. Re2 Rd3 0-1

[Event "Tradewise Gibraltar Chess Festival 2013"]
[Site "Gibraltar ENG"]
[Date "2013.01.30"]
[Round "9.120"]
[White "Diaz Gallego, Saul"]
[Black "Tveten, Per"]
[Result "1-0"]
[WhiteElo "1655"]
[BlackElo "1597"]
[PlyCount "151"]
[EventDate "2013.01.22"]
[EventType "swiss"]
[EventRounds "10"]
[EventCountry "ENG"]
[Source "lmi"]
[SourceDate "2013.01.22"]

1. d4 d5 2. c4 c6 3. Nf3 Bf5 4. Nc3 e6 5. Ne5 Nd7 6. Nxd7 Qxd7 7. a3 h6 8. e3
Nf6 9. Bd3 Ne4 10. Qc2 Nxc3 11. Bxf5 exf5 12. Qxc3 Be7 13. O-O O-O 14. b4 b5
15. cxb5 cxb5 16. Bb2 Rfc8 17. Qd3 Rc4 18. Rac1 Rac8 19. h3 a6 20. Rfd1 R8c6
21. Rc3 Rg6 22. Rdc1 Bg5 23. Qe2 f4 24. Rxc4 bxc4 25. Re1 fxe3 26. fxe3 Bh4 27.
Rf1 Qxh3 28. Rf3 Qg4 29. Qf1 f6 30. Rf4 Qh5 31. Rf5 Bg5 32. Bc1 Qg4 33. Rxd5
Bh4 34. Rc5 Kh7 35. Bd2 Bg3 36. Rxc4 Qh4 37. Qf3 Qh2+ 38. Kf1 Qh1+ 39. Ke2 Bh4
40. Kd3 Qb1+ 41. Rc2 Rg5 42. Qe4+ f5 43. Qf3 Qb3+ 44. Rc3 Qb1+ 45. Ke2 Qh1 46.
Kd3 Qb1+ 47. Rc2 Qb3+ 48. Bc3 Be1 49. Qf1 Bxc3 50. Rxc3 Qd5 51. Qf3 Qa2 52. d5
h5 53. g3 Qb1+ 54. Kd4 Qb2 55. e4 g6 56. e5 Rg4+ 57. Kc5 Re4 58. e6 Qd2 59. Qd3
Qf2+ 60. Kd6 Qb6+ 61. Kd7 Rd4 62. Qxd4 Qxd4 63. Rc5 g5 64. e7 Qg7 65. Kd8 Qf6
66. Rc6 Qe5 67. e8=Q Qxd5+ 68. Qd7+ Qxd7+ 69. Kxd7 h4 70. gxh4 g4 71. Rf6 a5
72. b5 Kg7 73. Rxf5 Kg6 74. Rg5+ Kh6 75. b6 g3 76. b7 1-0

[Event "Tradewise Gibraltar Chess Festival 2013"]
[Site "Gibraltar ENG"]
[Date "2013.01.31"]
[Round "10.2"]
[White "Navara, David"]
[Black "Short, Nigel D"]
[Result "1/2-1/2"]
[WhiteElo "2710"]
[BlackElo "2690"]
[PlyCount "77"]
[EventDate "2013.01.22"]
[EventType "swiss"]
[EventRounds "10"]
[EventCountry "ENG"]
[Source "lmi"]
[SourceDate "2013.01.22"]

1. c4 e5 2. g3 g6 3. d4 exd4 4. Qxd4 Nf6 5. Nc3 Bg7 6. Qe3+ Qe7 7. Qxe7+ Kxe7
8. Bg5 c6 9. O-O-O d6 10. Ne4 Rd8 11. h4 h6 12. Nxf6 hxg5 13. hxg5 Na6 14. Rh7
Bxf6 15. gxf6+ Kxf6 16. Rd4 Be6 17. Nf3 Rh8 18. Rxh8 Rxh8 19. Rxd6 Rh1 20. Nd2
c5 21. Rd8 Kg7 22. Kc2 Nb4+ 23. Kc3 Nxa2+ 24. Kb3 b5 25. Kxa2 bxc4 26. Kb1 Bh3
27. Kc2 Bxf1 28. Nxf1 Rxf1 29. f3 Re1 30. Kd2 Rb1 31. Kc2 Re1 32. Rd2 f5 33.
Kc3 Rc1+ 34. Rc2 Rg1 35. Kxc4 Rxg3 36. Kxc5 Rg1 37. b4 Ra1 38. f4 g5 39. fxg5
1/2-1/2

[Event "Tradewise Gibraltar Chess Festival 2013"]
[Site "Gibraltar ENG"]
[Date "2013.01.31"]
[Round "10.3"]
[White "Zhao, Xue"]
[Black "Ivanchuk, Vassily"]
[Result "1/2-1/2"]
[WhiteElo "2554"]
[BlackElo "2758"]
[PlyCount "96"]
[EventDate "2013.01.22"]
[EventType "swiss"]
[EventRounds "10"]
[EventCountry "ENG"]
[Source "lmi"]
[SourceDate "2013.01.22"]

1. d4 d5 2. c4 dxc4 3. e3 e6 4. Bxc4 c5 5. Nf3 Nf6 6. O-O a6 7. dxc5 Qxd1 8.
Rxd1 Bxc5 9. a3 Nbd7 10. Be2 O-O 11. Bd2 b6 12. Nc3 Bb7 13. Be1 Rfc8 14. Rac1
Be7 15. Nd2 b5 16. b4 Rc7 17. Na2 Rac8 18. Rxc7 Rxc7 19. Rc1 Ne8 20. Rxc7 Nxc7
21. Nb3 Bd5 22. Bd1 Nb6 23. Nc3 Nc4 24. Nb1 f5 25. Bc2 Kf7 26. Bc3 Ne8 27. Kf1
Nf6 28. Bd4 Nd7 29. N3d2 e5 30. Bc3 e4 31. Ke2 g6 32. Bd4 Nde5 33. Nb3 Nd3 34.
f3 Ke6 35. N3d2 Bd6 36. h3 exf3+ 37. gxf3 Nde5 38. e4 fxe4 39. Nxe4 Nc6 40. Bf2
Be7 41. Nc5+ Bxc5 42. Bxc5 Ke5 43. Kf2 Kf4 44. a4 bxa4 45. Bxa4 Bxf3 46. Nd2
Nxd2 47. Be3+ Kf5 48. Bxc6 Ke5 1/2-1/2

[Event "Tradewise Gibraltar Chess Festival 2013"]
[Site "Gibraltar ENG"]
[Date "2013.01.31"]
[Round "10.4"]
[White "Georgiev, Kiril"]
[Black "Adams, Michael"]
[Result "1/2-1/2"]
[WhiteElo "2643"]
[BlackElo "2725"]
[PlyCount "135"]
[EventDate "2013.01.22"]
[EventType "swiss"]
[EventRounds "10"]
[EventCountry "ENG"]
[Source "lmi"]
[SourceDate "2013.01.22"]

1. d4 Nf6 2. c4 e6 3. Nf3 d5 4. Nc3 Nbd7 5. Bg5 h6 6. Bh4 Be7 7. e3 O-O 8. Rc1
a6 9. cxd5 exd5 10. Bd3 c6 11. O-O Ne4 12. Bg3 Nxg3 13. hxg3 Nf6 14. Qb3 Bd6
15. Rfe1 Rb8 16. e4 dxe4 17. Nxe4 Be6 18. Nxf6+ Qxf6 19. Bc4 Bxc4 20. Rxc4 Qf5
21. Rc2 Rfe8 22. Rce2 Rxe2 23. Rxe2 Qb5 24. Qc2 Qd5 25. b3 h5 26. Re4 g6 27.
Qe2 Kg7 28. Re3 Rd8 29. Re4 a5 30. Re3 Qf5 31. Re4 Qd5 32. Re3 Ra8 33. Re8 Rxe8
34. Qxe8 Qf5 35. Qe2 Kf8 36. Qe1 Bb4 37. Qe2 Bd6 38. Qe1 Qd5 39. Qe2 Be7 40.
Qe3 Qf5 41. Qe5 Qxe5 42. Nxe5 Bb4 43. Kf1 Bc3 44. Nf3 f6 45. Ke2 Kf7 46. Kd3
Bb4 47. Nd2 Bxd2 48. Kxd2 Ke6 49. Kd3 Kd5 50. f3 g5 51. g4 h4 52. a3 b6 53. Kc3
c5 54. dxc5 Kxc5 55. Kd3 Kd5 56. a4 Ke5 57. Ke3 f5 58. gxf5 Kxf5 59. Ke2 Kf4
60. Kf2 g4 61. fxg4 Kxg4 62. Kf1 Kf5 63. Kg1 Kf4 64. Kh2 Kg4 65. Kh1 h3 66. Kh2
hxg2 67. Kxg2 Kf4 68. Kf2 1/2-1/2

[Event "Tradewise Gibraltar Chess Festival 2013"]
[Site "Gibraltar ENG"]
[Date "2013.01.31"]
[Round "10.8"]
[White "Cramling, Pia"]
[Black "Yu, Yangyi"]
[Result "0-1"]
[WhiteElo "2518"]
[BlackElo "2688"]
[PlyCount "82"]
[EventDate "2013.01.22"]
[EventType "swiss"]
[EventRounds "10"]
[EventCountry "ENG"]
[Source "lmi"]
[SourceDate "2013.01.22"]

1. d4 Nf6 2. Nf3 g6 3. c4 Bg7 4. Nc3 d5 5. Bf4 O-O 6. e3 Be6 7. Rc1 dxc4 8. Ng5
Bd5 9. e4 h6 10. exd5 hxg5 11. Bxg5 Nxd5 12. Bxc4 Nb6 13. Bb3 Nc6 14. d5 Nd4
15. h4 Nxb3 16. Qxb3 Bxc3+ 17. Qxc3 Nxd5 18. Qb3 Qd7 19. h5 Qf5 20. Qg3 Rad8
21. Qh4 f6 22. hxg6 Qxg6 23. Bh6 Rfe8 24. Rh3 Kf7 25. Rg3 Qf5 26. Rf3 Qh7 27.
Rd1 c6 28. Qh5+ Qg6 29. Qxg6+ Kxg6 30. Bd2 Rh8 31. Ke2 Rh2 32. g3 e5 33. a4 Kf7
34. b4 Ke6 35. Rc1 Ne7 36. Rb3 Nf5 37. Ra3 a6 38. Be1 Rh1 39. Rac3 Rd4 40. Rb3
Re4+ 41. Kd2 Nd4 0-1

[Event "Tradewise Gibraltar Chess Festival 2013"]
[Site "Gibraltar ENG"]
[Date "2013.01.31"]
[Round "10.11"]
[White "Salgado Lopez, Ivan"]
[Black "Oparin, Grigoriy"]
[Result "1-0"]
[WhiteElo "2606"]
[BlackElo "2478"]
[PlyCount "111"]
[EventDate "2013.01.22"]
[EventType "swiss"]
[EventRounds "10"]
[EventCountry "ENG"]
[Source "lmi"]
[SourceDate "2013.01.22"]

1. e4 c5 2. c3 Nf6 3. e5 Nd5 4. Nf3 Nc6 5. Bc4 Nb6 6. Bb3 d5 7. exd6 Qxd6 8.
Na3 a6 9. O-O Bf5 10. d4 cxd4 11. Nxd4 Nxd4 12. cxd4 e6 13. Qf3 Qd7 14. Nc2 Bd6
15. Ne3 Bg6 16. Bd2 O-O 17. Bc3 Rfd8 18. Rfd1 Rac8 19. h4 h5 20. g3 Na4 21.
Bxa4 Qxa4 22. Qxb7 Qb5 23. Qf3 Be7 24. d5 Qb7 25. Qg2 Qb6 26. dxe6 Qxe6 27. Nd5
Be4 28. Nxe7+ Qxe7 29. Re1 Bxg2 30. Rxe7 Bd5 31. a3 Re8 32. Rae1 Rxe7 33. Rxe7
f6 34. Rd7 Bf3 35. Rd3 Be4 36. Rd4 Bf3 37. Rf4 Bc6 38. Rc4 Bb7 39. Rb4 Bf3 40.
Rf4 Bc6 41. f3 Rd8 42. Kf2 Rd3 43. Ke2 Rd6 44. Ke3 Kf7 45. Rc4 Re6+ 46. Kf4 Rd6
47. Rc5 Kg6 48. g4 hxg4 49. fxg4 Bd7 50. g5 Kh7 51. h5 fxg5+ 52. Kxg5 Bc6 53.
Be5 Rd5 54. Rxc6 Rxe5+ 55. Kg4 Rb5 56. b4 1-0

[Event "Tradewise Gibraltar Chess Festival 2013"]
[Site "Gibraltar ENG"]
[Date "2013.01.31"]
[Round "10.14"]
[White "Larino Nieto, David"]
[Black "Iturrizaga, Eduardo"]
[Result "1/2-1/2"]
[WhiteElo "2497"]
[BlackElo "2650"]
[PlyCount "137"]
[EventDate "2013.01.22"]
[EventType "swiss"]
[EventRounds "10"]
[EventCountry "ENG"]
[Source "lmi"]
[SourceDate "2013.01.22"]

1. d4 Nf6 2. Nf3 e6 3. e3 c5 4. c4 d5 5. Nc3 a6 6. dxc5 Bxc5 7. a3 dxc4 8.
Qxd8+ Kxd8 9. Bxc4 b5 10. b4 Bd6 11. Bd3 Bb7 12. Ke2 Nbd7 13. Bd2 Ke7 14. Rhb1
Bxf3+ 15. gxf3 Ne5 16. Bc2 Nc4 17. Be1 g5 18. h3 Rhc8 19. a4 Be5 20. axb5 Nd6
21. Ra3 Nxb5 22. Nxb5 Rxc2+ 23. Kd3 Rc6 24. Nc3 Rd8+ 25. Ke2 Rdc8 26. Kd3 Bd6
27. Ne4 Nxe4 28. fxe4 Rd8 29. Ke2 Rb8 30. Kf3 Rbb6 31. Ra5 Rb5 32. Ra4 h5 33.
Rba1 Rbb6 34. Ra5 f6 35. R1a3 e5 36. Ra1 Kd7 37. Rd5 Kc7 38. b5 Rxb5 39. Rxa6
Rxd5 40. Rxc6+ Kxc6 41. exd5+ Kxd5 42. e4+ Kd4 43. Ba5 Be7 44. Bc7 Kc5 45. Ba5
Kb5 46. Bd2 Bb4 47. Bc1 Kc4 48. Ke2 Bc5 49. f3 Kb5 50. Kf1 Be7 51. Ke2 Kc6 52.
Bd2 Kd7 53. Kf1 Ke6 54. Bc3 Bd6 55. Kg2 Kf7 56. Bd2 Kg6 57. Kf1 Bc5 58. Kg2 Bd4
59. Kf1 f5 60. exf5+ Kxf5 61. Ke2 Bg1 62. Kf1 Bh2 63. Kg2 Bf4 64. Bc3 Be3 65.
Be1 Bd4 66. Bd2 g4 67. hxg4+ hxg4 68. Kg3 Bf2+ 69. Kxf2 1/2-1/2

[Event "Tradewise Gibraltar Chess Festival 2013"]
[Site "Gibraltar ENG"]
[Date "2013.01.31"]
[Round "10.16"]
[White "Bartel, Mateusz"]
[Black "Womacka, Mathias"]
[Result "1-0"]
[WhiteElo "2629"]
[BlackElo "2442"]
[PlyCount "55"]
[EventDate "2013.01.22"]
[EventType "swiss"]
[EventRounds "10"]
[EventCountry "ENG"]
[Source "lmi"]
[SourceDate "2013.01.22"]

1. d4 Nf6 2. c4 e6 3. Nf3 Bb4+ 4. Nbd2 O-O 5. a3 Be7 6. e4 d5 7. e5 Nfd7 8. Bd3
c5 9. h4 h6 10. Bb1 Re8 11. Qc2 Nf8 12. dxc5 Bxc5 13. cxd5 Qxd5 14. Ne4 Be7 15.
O-O Rd8 16. Nc3 Qc4 17. Re1 Nc6 18. Re4 Nd4 19. Rxd4 Rxd4 20. b3 Qc7 21. Nxd4
Qxe5 22. Nf3 Qh5 23. Ne2 Bd7 24. Nf4 Qb5 25. Bb2 Rc8 26. Qd3 Qa5 27. Ba2 Bb5
28. b4 1-0

[Event "Tradewise Gibraltar Chess Festival 2013"]
[Site "Gibraltar ENG"]
[Date "2013.01.31"]
[Round "10.19"]
[White "Paehtz, Elisabeth"]
[Black "Vazquez Igarza, Renier"]
[Result "1/2-1/2"]
[WhiteElo "2482"]
[BlackElo "2565"]
[PlyCount "94"]
[EventDate "2013.01.22"]
[EventType "swiss"]
[EventRounds "10"]
[EventCountry "ENG"]
[Source "lmi"]
[SourceDate "2013.01.22"]

1. e4 c5 2. Nf3 e6 3. d4 cxd4 4. Nxd4 Bc5 5. Nb3 Be7 6. Bd3 d6 7. O-O Nf6 8.
Nc3 a6 9. f4 Nbd7 10. Qe2 Qc7 11. a4 b6 12. Bd2 Bb7 13. Kh1 g6 14. Rae1 h5 15.
Rf3 Kf8 16. Ref1 Kg7 17. Rg3 Ng4 18. Nd1 Bf6 19. c3 Bc6 20. Nd4 Bxa4 21. h3 e5
22. b3 exd4 23. bxa4 Bh4 24. Rgf3 Bf6 25. Rg3 dxc3 26. Nxc3 Bd4 27. Nd5 Qd8 28.
Bc3 Bxc3 29. Nxc3 Qf6 30. Bxa6 Nc5 31. Bb5 Qd4 32. Rgf3 Nf6 33. Rd1 Qb4 34. Rb1
Qd4 35. Rd1 Qb4 36. e5 dxe5 37. fxe5 Nfe4 38. Nxe4 Qxe4 39. Qxe4 Nxe4 40. Bc6
Nc5 41. Bxa8 Rxa8 42. Rd6 Rxa4 43. Rxb6 Nd7 44. Rxf7+ Kxf7 45. e6+ Kg7 46. exd7
Rd4 47. Rb7 Kf6 1/2-1/2

[Event "Tradewise Gibraltar Chess Festival 2013"]
[Site "Gibraltar ENG"]
[Date "2013.01.31"]
[Round "10.20"]
[White "Hoang, Thanh Trang"]
[Black "Dzagnidze, Nana"]
[Result "1/2-1/2"]
[WhiteElo "2469"]
[BlackElo "2555"]
[PlyCount "50"]
[EventDate "2013.01.22"]
[EventType "swiss"]
[EventRounds "10"]
[EventCountry "ENG"]
[Source "lmi"]
[SourceDate "2013.01.22"]

1. d4 Nf6 2. Nf3 g6 3. Bf4 Bg7 4. e3 O-O 5. Be2 d6 6. h3 Nbd7 7. c3 b6 8. O-O
Bb7 9. Nbd2 Re8 10. Bh2 e5 11. dxe5 dxe5 12. Qc2 e4 13. Nd4 a6 14. Nc4 Nd5 15.
Rfd1 Qg5 16. Nb3 Nf8 17. Rd2 Rad8 18. Rad1 h5 19. Bf1 Qe7 20. Nd4 Rd7 21. a4
Red8 22. Qb3 Ba8 23. Na3 Bb7 24. Nc4 Ba8 25. Na3 Bb7 1/2-1/2